000 00424nam a2200169Ia 4500
003 GCL
008 140319s9999 xx 000 0 eng d
040 _aGCL /
_cGCL
082 0 4 _a912
_bK T
100 1 _aKEMP, RICHARD
245 1 0 _aTHE PICTURE ATLAS OF THE WORLD /
_cKEMP, RICHARD
260 _a[S.N] :
_bDORLING KINDERSLEY ،
_c1994
300 _a80 P
650 0 4 _aATLASES
650 0 4 _aWORLD ATLAS
942 _2ddc
_cBK
999 _c10720
_d10720